First-Person Shooter Video Games by Picture 🎮 - Statistics

General Stats
  • This quiz has been taken 191 times
  • The average score is 11 of 15
Answer Stats
Picture Hint Answer % Correct
1993 Doom
95%
2007 Call of Duty 4: Modern Warfare
93%
2005 Star Wars: Battlefront II
90%
2000 Counter-Strike
81%
1992 Wolfenstein 3D
79%
2012 {Far} {Cry} 3
78%
2004 {Halo} 2
76%
2023 {Overwatch} 2
72%
2008 {Fallout} 3
70%
2011 {Battlefield} 3
69%
2004 {Half-Life} 2
66%
2012 {Borderlands} 2
63%
1997 GoldenEye 007
61%
1996 Quake
40%
1996 Duke Nukem 3D
37%
No matching quizzes found
Score Distribution
Percent of People with Each Score
Percentile by Number Answered
Your Score History
You have not taken this quiz